[Event "Florence op 6th"]
[Site "Florence"]
[Date "2012.11.03"]
[Round "4"]
[White "Bonacchi, Roberto"]
[Black "Engl, Alexander"]
[Result "1-0"]
[WhiteElo "1566"]
[BlackElo "1737"]
[PlyCount "111"]
[EventDate "2012.11.01"]
[EventType "swiss"]
[EventRounds "7"]
[EventCountry "ITA"]
[SourceTitle "EXT 2014"]
[Source "ChessBase"]
[SourceDate "2013.11.20"]
[SourceVersion "1"]
[SourceVersionDate "2013.11.20"]
[SourceQuality "1"]

1. e4 d5 2. exd5 Qxd5 3. Nc3 Qd6 4. g3 Nf6 5. Bg2 c6 6. h3 Bf5 7. d3 e6 8. Nf3 Qc7 9. Bf4 Bd6 10. Bxd6 Qxd6 11. 0-0 Nbd7 12. Qe2 0-0 13. Nh4 Rfe8 14. Nxf5 exf5 15. Qd2 Nc5 16. Rad1 Rad8 17. Qg5 g6 18. Rfe1 Kg7 19. Rxe8 Rxe8 20. Qc1 Qd4 21. Kf1 Ne6 22. Re1 f4 23. gxf4 Nxf4 24. Rxe8 Nxe8 25. Qe3 Qxe3 26. fxe3 Nxg2 27. Kxg2 Nd6 28. e4 f6 29. Kf3 g5 30. Ne2 h5 31. Nd4 Kf7 32. c3 c5 33. Ne2 b5 34. Ng3 Kg6 35. b3 a5 36. a4 b4 37. cxb4 cxb4 38. d4 h4 39. Nf1 f5 40. exf5+ Nxf5 41. Ke4 Kf6 42. Nh2 Ng3+ 43. Kd5 Ne2 44. Ng4+ Kf5 45. Kc4 Nc3 46. d5 Ne4 47. Kd4 Nd6 48. Kc5 Ne4+ 49. Kc6 Kf4 50. Nf2 Nf6 51. d6 Kf3 52. Ng4 Nxg4 53. hxg4 h3 54. d7 h2 55. d8Q h1Q 56. Qd5+ 1-0

[Event "Florence op 6th"]
[Site "Florence"]
[Date "2012.11.01"]
[Round "2"]
[White "Bonacchi, Roberto"]
[Black "Garofalo, Simone"]
[Result "0-1"]
[WhiteElo "1566"]
[BlackElo "2009"]
[PlyCount "136"]
[EventDate "2012.11.01"]
[EventType "swiss"]
[EventRounds "7"]
[EventCountry "ITA"]
[SourceTitle "EXT 2014"]
[Source "ChessBase"]
[SourceDate "2013.11.20"]
[SourceVersion "1"]
[SourceVersionDate "2013.11.20"]
[SourceQuality "1"]

1. e4 e6 2. d4 d5 3. e5 c5 4. c3 Qb6 5. Nf3 Nc6 6. Bd3 cxd4 7. cxd4 Bd7 8. 0-0 Nxd4 9. Nxd4 Qxd4 10. Nc3 a6 11. Qf3 Ne7 12. Rd1 Qh4 13. Bf4 Nc6 14. a3 Bc5 15. g3 Qe7 16. Qg4 Qf8 17. Rac1 f5 18. exf6 Qxf6 19. Re1 0-0 20. Nxd5 Bxf2+ 21. Kxf2 Qd4+ 22. Re3 Qxd5 23. Kg1 Qd4 24. Qh5 g6 25. Qh6 Qxb2 26. Rb1 Qg7 27. Qh4 Qf6 28. Qh6 Qg7 29. Qh4 Qf6 30. Qh6 b5 31. Rf1 Qg7 32. Qh4 Rf7 33. Bh6 Rxf1+ 34. Bxf1 Qd4 35. Qg5 Re8 36. Bd3 Ne7 37. h4 Nf5 38. Bxf5 exf5 39. Qf4 Qxe3+ 40. Qxe3 Rxe3 41. Bxe3 Kf7 42. Kf2 Ke6 43. Bd4 Kd5 44. Bb2 Kc4 45. Be5 a5 46. Ke2 b4 47. axb4 axb4 48. Kd2 Kd5 49. Bf4 Ke4 50. Kc2 Be6 51. Kb2 Kf3 52. Bd6 Kg4 53. Bf4 h6 54. Bd6 b3 55. Be5 g5 56. hxg5 hxg5 57. Kc3 f4 58. gxf4 gxf4 59. Kd3 Bf5+ 60. Ke2 Bc2 61. Kf2 Kf5 62. Bc3 Ke4 63. Bg7 Bd1 64. Bc3 Kd3 65. Bh8 Kc2 66. Ke1 Bh5 67. Kf2 b2 68. Bxb2 Kxb2 0-1